000 00700nam a22002297a 4500
003 UA-OsUOA
001 58505
007 ta
008 20090213b un ||||| |||| 00| 0 ukr d
090 _a681.5
_bС40
942 _cBK
040 _aUA-OsUOA
_bukr
_cUA-OsUOA
_dUA-OsUOA
245 _aСистеми підтримки прийняття рішень. Теорія і практика
_bЗбірник доповідей
_cВишневський В. В.
300 _a222 с.
955 _a2
041 _aukr
080 _a681.5
020 _a978-966-02-4368-2
260 _aК.
_c2007
650 7 _a681.5 Автоматика. Технічна кібернетика
_2UDC
999 _c344584
_d344584